| 000 | 00719nam a2200253 a 4500 | ||
|---|---|---|---|
| 001 | 442 | ||
| 003 | BR-CuiBMT | ||
| 005 | 20231120051205.0 | ||
| 008 | 231106s2016 baba 000 0 por d | ||
| 020 | _a8544206743 | ||
| 040 |
_aBR-CuiBMT _cBR-CuiBMT |
||
| 080 |
_22007 _a349.3 |
||
| 090 |
_a349.3 _bK41c _c14. ed. |
||
| 100 | 1 |
_aKertzman, Ivan, _d1977- |
|
| 245 | 0 |
_aCurso prático de direito previdenciário / _cIvan Kertzman. |
|
| 250 | _a14. ed., rev., ampl. e atual. | ||
| 260 |
_aSalvador : _bJusPODIVM, _c2016. |
||
| 300 |
_a768 p.: _bil. _c24 cm |
||
| 504 | _aInclui bibliografia. | ||
| 650 | _aDireito previdenciário | ||
| 650 | _aSeguridade social | ||
| 650 | _aSúmula previdenciária | ||
| 942 |
_2udc _cLV |
||
| 999 |
_c442 _d442 |
||